Обострение идеологической борьбы и задачи наступательной критики антимарксистских концепций в области экономических наук: сборник научных трудов

Xehetasun bibliografikoak
Erakunde egilea: Московский финансовый институт (МФИ)
Beste egile batzuk: Атлас М. С. Мариам Семеновна (редактор), Красавина Л. Н.
Hizkuntza:errusiera
Argitaratua: Москва, Изд-во МФИ, 1985
Gaiak:
Formatua: MixedMaterials Liburua
KOHA link:https://koha.lib.tpu.ru/cgi-bin/koha/opac-detail.pl?biblionumber=276360

MARC

LEADER 00000nam0a2200000 4500
001 276360
005 20231031231021.0
020 |a RU  |b 85-98838 
035 |a (RuTPU)RU\TPU\book\299619 
090 |a 276360 
100 |a 20141121d1985 k y0rusy5003 ca 
101 0 |a rus 
102 |a RU 
105 |a y z 001zy 
200 1 |a Обострение идеологической борьбы и задачи наступательной критики антимарксистских концепций в области экономических наук  |e сборник научных трудов  |f Московский финансовый институт (МФИ) ; под ред. М. С. Атлас , Л. Н. Красавиной 
210 |a Москва  |c Изд-во МФИ  |d 1985 
215 |a 161 с. 
320 |a Библиография в конце статей 
606 1 |a Экономические учения буржуазные  |2 stltpush  |3 (RuTPU)RU\TPU\subj\26612 
610 1 |a экономические науки 
610 1 |a идеологическая борьба 
610 1 |a критика 
686 |a У018  |v LBC/SL-A  |2 rubbk 
702 1 |a Атлас  |b М. С.  |g Мариам Семеновна  |4 340 
702 1 |a Красавина  |b Л. Н.  |4 340 
712 0 2 |a Московский финансовый институт (МФИ)  |2 stltpush  |3 (RuTPU)RU\TPU\col\21334 
801 0 |a RU  |b RuMRKP  |c 19950704  |g psbo 
801 1 |a RU  |b 63413507  |c 20141121 
801 2 |a RU  |b 63413507  |c 20170214  |g RCR 
942 |c BK